[Event "Wch U20 60th"]
[Site "Mexico City"]
[Date "2023.09.21"]
[Round "1"]
[White "Zuniga Samano, Pablo Javier"]
[Black "Galaviz Medina, Sion Radamantys"]
[Result "0-1"]
[WhiteElo "1749"]
[BlackElo "2462"]
[PlyCount "66"]
[EventDate "2023.09.21"]
[EventType "swiss"]
[EventRounds "11"]
[EventCountry "MEX"]
[SourceTitle "EXT 2024"]
[Source "ChessBase"]
[SourceDate "2023.10.10"]
[SourceVersion "1"]
[SourceVersionDate "2023.10.10"]
[SourceQuality "1"]

1. d4 Nf6 2. c4 e6 3. g3 d5 4. Bg2 h6 5. Nf3 Bd6 6. 0-0 0-0 7. Qc2 b6 8. Rd1 Bb7 9. b3 Nbd7 10. Nc3 c5 11. cxd5 exd5 12. Ba3 Re8 13. Rac1 Rc8 14. Qb2 Bf8 15. dxc5 bxc5 16. e3 Qa5 17. Ne1 Nb6 18. Nb1 Ne4 19. Qa1 Ba6 20. Bb2 Be2 21. Bxe4 Bxd1 22. Bc3 Qa6 23. Bf5 Be2 24. Bxc8 Qxc8 25. Qb2 Ba6 26. Nd2 Qf5 27. Qc2 Qg4 28. Nd3 d4 29. exd4 cxd4 30. Bb2 Rc8 31. Nc4 Nxc4 32. bxc4 Rxc4 33. Qd1 Rxc1 0-1

[Event "North American-ch U20"]
[Site "Mexico City"]
[Date "2022.12.04"]
[Round "6"]
[White "Zuniga Samano, Pablo Javier"]
[Black "Rivera Garcia, David Moises"]
[Result "1/2-1/2"]
[WhiteElo "1685"]
[BlackElo "1779"]
[PlyCount "58"]
[EventDate "2022.12.02"]
[EventType "swiss"]
[EventRounds "9"]
[EventCountry "MEX"]
[SourceTitle "CBM 211 Extra"]
[Source "ChessBase"]
[SourceDate "2023.01.31"]
[SourceVersion "1"]
[SourceVersionDate "2023.01.31"]
[SourceQuality "1"]

1. d4 Nf6 2. c4 e6 3. Nf3 c5 4. d5 b5 5. dxe6 fxe6 6. cxb5 d5 7. a4 a6 8. bxa6 Bxa6 9. g3 Nc6 10. Bg2 Bd6 11. 0-0 0-0 12. Ng5 Qe7 13. Nc3 Nb4 14. Bh3 Bc8 15. Nb5 Bb8 16. Bd2 Nc6 17. Bg2 h6 18. Nf3 Ne4 19. Nh4 Nxd2 20. Qxd2 Qf6 21. e4 Ne5 22. f4 Nc4 23. Qc3 Qxc3 24. bxc3 Ne3 25. exd5 Nxg2 26. Nxg2 exd5 27. Rfe1 g5 28. fxg5 hxg5 29. Re7 Rf7 1/2-1/2

[Event "North American-ch U20"]
[Site "Mexico City"]
[Date "2022.12.03"]
[Round "3"]
[White "Ruiz Bolanos, Eithan"]
[Black "Zuniga Samano, Pablo Javier"]
[Result "0-1"]
[WhiteElo "1304"]
[BlackElo "1685"]
[PlyCount "64"]
[EventDate "2022.12.02"]
[EventType "swiss"]
[EventRounds "9"]
[EventCountry "MEX"]
[SourceTitle "CBM 211 Extra"]
[Source "ChessBase"]
[SourceDate "2023.01.31"]
[SourceVersion "1"]
[SourceVersionDate "2023.01.31"]
[SourceQuality "1"]

1. e4 e6 2. d4 d5 3. Nc3 Nf6 4. Bg5 dxe4 5. Bxf6 gxf6 6. Nxe4 a6 7. c3 f5 8. Ng3 Nd7 9. a4 Nf6 10. Qd2 Bd7 11. Nf3 b5 12. Ne5 bxa4 13. Nxd7 Qxd7 14. Qc2 a3 15. b4 Qc6 16. Rxa3 Bxb4 17. Rxa6 Rxa6 18. Bxa6 Qxc3+ 19. Qxc3 Bxc3+ 20. Ke2 Bxd4 21. Rd1 Be5 22. Kf3 Bxg3 23. hxg3 0-0 24. Rc1 Nd5 25. Bb7 Rd8 26. Bxd5 Rxd5 27. Rxc7 Rd4 28. Rc5 Kg7 29. Rc3 Re4 30. Re3 Rxe3+ 31. Kxe3 Kf6 32. f4 Kg6 0-1

[Event "Las Americas Team op U2400 Hybrid"]
[Site "Internet"]
[Date "2022.05.14"]
[Round "2.5"]
[White "Zuniga Samano, Pablo Javier"]
[Black "Oropeza Brito, David Arturo"]
[Result "0-1"]
[WhiteElo "1803"]
[BlackElo "1731"]
[PlyCount "118"]
[EventDate "2022.05.14"]
[EventType "team-swiss"]
[EventRounds "5"]
[EventCountry "VEN"]
[SourceTitle "EXT 2023"]
[Source "ChessBase"]
[SourceDate "2022.10.05"]
[SourceVersion "1"]
[SourceVersionDate "2022.10.05"]
[SourceQuality "1"]

1. d4 Nf6 2. c4 e6 3. Nf3 b6 4. g3 Bb4+ 5. Bd2 Be7 6. Bg2 Ba6 7. Qc2 Bb7 8. 0-0 0-0 9. Bf4 d6 10. Nc3 Nbd7 11. Rfd1 Re8 12. e4 Bf8 13. e5 Nh5 14. Bg5 f6 15. exf6 Nhxf6 16. d5 e5 17. Ne4 Qe7 18. b4 Qf7 19. a4 a5 20. c5 Nxe4 21. c6 Bxc6 22. dxc6 Ndf6 23. Bxf6 Nxf6 24. Ng5 Qh5 25. Qb3+ d5 26. Bxd5+ Kh8 27. Nf7+ Kg8 28. Nd6+ Kh8 29. Nxe8 Qxe8 30. b5 Bc5 31. h3 e4 32. Bf7 Qe5 33. Qe6 Qxg3+ 34. Kh1 Qf3+ 35. Kh2 Qxf2+ 36. Kh1 Qf3+ 37. Kh2 Be3 38. Rd7 Qe2+ 39. Kh1 Qf2 40. Qa2 Nxd7 41. cxd7 Qf3+ 42. Qg2 Qxf7 43. Qxe4 Rd8 44. Re1 Bg5 45. Qe8+ Qg8 46. Kg2 h6 47. Re6 Bf6 48. Kf3 Kh7 49. Ke4 Qf8 50. Qxf8 Rxf8 51. Kd5 Kg8 52. Re8 Kf7 53. Rc8 Bd8 54. Kc6 Ke7 55. Rxc7 Bxc7 56. Kxc7 g5 57. Kxb6 Kxd7 58. Kxa5 Kc7 59. b6+ Kb7 0-1